Lanean...

Essays ed by Clark Sutherland Northup /

Xehetasun bibliografikoak
Egile nagusia: Bacon, Francis
Hizkuntza:Undetermined
Argitaratua: 1936.
Saila:Riverside college classics
LEADER 00417nam a2200133Ia 4500
001 41097
008 170722s9999 xx 000 0 und d
100 |a Bacon, Francis 
245 |a Essays ed by Clark Sutherland Northup / 
260 |c 1936. 
490 |a Riverside college classics 
942 |c GEN 
999 |c 73776  |d 73776 
952 |0 0  |1 0  |4 0  |6 O_6J61X_G6  |7 0  |9 104599  |a LIB  |b LIB  |d 2017-08-12  |o O-,6J61x G6  |p 124562  |r 2017-08-12  |w 2017-08-12  |y GEN